=LDR 00000nam 2200000 4500 =001 INLIS000000000001386 =005 20130612085807 =008 ***********************************Ind** =035 ##$$0010-061300000001386 =041 ##$$a Ind =082 ##$$a 641.1 =090 ##$$a 641.1, San-k =100 ##$$a SANTOSO, Sugeng =245 ##$$a Kesehatan dan gizi, Dr. Soegeng Santoso, M.Pd, Dra.Anne Lias Ranti, M.Pd =260 ##$$a 1999 $b Jakarta =300 ##$$a ix, 213 hlm, ilus, 21 cm =650 ##$$a Anak-Kesehatan dan Gizi =700 ##$$a RANTI, Anne Lies =850 ##$$a NBPNMAT =990 ##$$a 0001/BPAP-NTB/20142014 =990 ##$$a 0001/BPAP-NTB/20142014 =990 ##$$a 0001/BPAP-NTB/20142015